书目信息 |
| 题名: |
河长制下泰州引江河及里下河湖区水生态水环境保护研究
|
|
| 作者: | 张加雪 , 徐明 , 许静波 编著 | |
| 分册: | ||
| 出版信息: | 南京 河海大学出版社 2019.07 |
|
| 页数: | 209页 | |
| 开本: | 24cm | |
| 丛书名: | ||
| 单 册: | ||
| 中图分类: | X143 | |
| 科图分类: | ||
| 主题词: | 水环境--shui huan jing--环境保护--研究--泰州 | |
| 电子资源: | ||
| ISBN: | 978-7-5630-5994-2 | |
| 000 | 01247nam0 2200265 450 | |
| 001 | 202020140596 | |
| 005 | 20200926181352.0 | |
| 010 | @a978-7-5630-5994-2@dCNY80.00 | |
| 100 | @a20200918d2019 em y0chiy50 ea | |
| 101 | 0 | @achi |
| 102 | @aCN@b320000 | |
| 105 | @aak a 000yy | |
| 106 | @ar | |
| 200 | 1 | @a河长制下泰州引江河及里下河湖区水生态水环境保护研究@Ahe chang zhi xia tai zhou yin jiang he ji li xia he hu qu shui sheng tai shui huan jing bao hu yan jiu@f张加雪, 徐明, 许静波编著 |
| 210 | @a南京@c河海大学出版社@d2019.07 | |
| 215 | @a209页@c图@d24cm | |
| 320 | @a有书目 (第203-209页) | |
| 330 | @a在国家全面推进河长制明确要求维护河湖生态健康的形势下, 以及新时期江苏水利发展新思路的指引下, 本书以生态河湖行动为抓手, 以“六大水利”为向导, 研究引江河及其腹地供水安全、缓解洪涝灾害威胁带来的巨大经济社会效益, 明晰引江河及其腹地水环境、水生态变化趋势, 剖析引江河工程对里下河腹生态环境的影响, 为实现该区域水资源保护、经济发展和生态环境安全三者之间的平衡提供技术支撑。 | |
| 606 | 0 | @a水环境@Ashui huan jing@x环境保护@x研究@y泰州 |
| 690 | @aX143@v5 | |
| 701 | 0 | @a张加雪@Azhang jia xue@4编著 |
| 701 | 0 | @a徐明@Axu ming@4编著 |
| 701 | 0 | @a许静波@Axu jing bo@4编著 |
| 801 | 0 | @aCN@c20190905 |
| 905 | @a河南城建学院图书馆@dX143@eZ127 | |
| 河长制下泰州引江河及里下河湖区水生态水环境保护研究/张加雪, 徐明, 许静波编著.-南京:河海大学出版社,2019.07 |
| 209页:图;24cm |
| ISBN 978-7-5630-5994-2:CNY80.00 |
| 在国家全面推进河长制明确要求维护河湖生态健康的形势下, 以及新时期江苏水利发展新思路的指引下, 本书以生态河湖行动为抓手, 以“六大水利”为向导, 研究引江河及其腹地供水安全、缓解洪涝灾害威胁带来的巨大经济社会效益, 明晰引江河及其腹地水环境、水生态变化趋势, 剖析引江河工程对里下河腹生态环境的影响, 为实现该区域水资源保护、经济发展和生态环境安全三者之间的平衡提供技术支撑。 |
| ● |
| 相关链接 |
|
|
|
正题名:河长制下泰州引江河及里下河湖区水生态水环
索取号:X143/Z127
 
预约/预借
| 序号 | 登录号 | 条形码 | 馆藏地/架位号 | 状态 | 备注 |
| 1 | 1490796 | 214907966 | 自科库501/501自科库 62排5列4层/ [索取号:X143/Z127] | 在馆 |